02011nam a2200373Ia 450000500170000000800410001702000180005810000270007624501790010325000180028230000580030049000270035850000410038552005800042652100560100653400330106265000430109565000470113865000430118565000330122865000270126165000280128870000260131670000340134270000480137694200150142426400490143933600270148833700330151533800280154804000350157608400110161199900150162220220317001442.0161108s2012 mx a g 000 f s  a97860716110931 aFunke, Corneliad1958-10aRecklessbsombras vivientescencontrado y relatado por Cornelia Funke y Lionel Wigram ; con ilustraciones de la autora ; traducción del alemán de Margarita Santos Cuesta a1a. edición a374 páginasbilustraciones en blanco y negroc22 cm aA la orilla del viento aIncluye datos biográficos el autor aLa maldición mortal de un hada se aloja en el corazón de Jacob Reckless. Cuando pierde casi toda esperanza, Valiant le habla de una cura para revertir el embrujo : una ballesta mágica; pero, antes, deberá encontrar la mano, el corazón y la cabeza del dueño de la antigua arma. Con solo unos meses de vida, y acompañado de Fux, recorrerá tierras de espejos, una ciudad muerta, un castillo invisible; se enfrentará a poderosos genios, gigantes, barbazules y a un siniestro goyl cazador de tesoros; sin embargo, el rival más poderoso de Jacob es el tiempo... aRecomendado para jóvenes de 13 años en adelante bReckless. Lebendige schatten142LEMBaNovela juvenil alemanaySiglo XX142LEMBaLiteratura juvenil alemanaySiglo XX142LEMBaPersonajes fantásticosvNovela142LEMBaEncantamientosvNovela142LEMBaBrujeriavNovela142LEMBaAventurasvNovela1 aWigram, Lionel9725651 aFunke, Corneliad1958-9733241 aSantos Cuesta, Margaritaetraductora972566 2loccBKLIT aMéxicobFondo de Cultura Económicac2012 atextobtxt2rdacontent asin mediaciónbn2rdamedia avolumenbnc2rdacarrier aCO-BoRNBPbspaerdacCO-BoRNBP aN FUN1 c7023d7023